| Tag |
First Indicator |
Second Indicator |
Subfields |
| LEADER |
00000cam a2200000 a 4500 |
| 001 |
in00000020533 |
| 005 |
20151007053942.0 |
| 008 |
880324s1987 pau 00010 eng d |
| 010 |
|
|
|a 86072299
|
| 020 |
|
|
|a 088748042X
|
| 020 |
|
|
|a 0887480438 (pbk.)
|
| 035 |
|
|
|a (OCoLC)17671398
|
| 035 |
|
|
|9 AAB3453AM
|
| 040 |
|
|
|a PIT
|c PIT
|d TXA
|d UtOrBLW
|
| 049 |
|
|
|a TXAM
|c [A11112841]
|
| 050 |
|
4 |
|a PS3569.T23
|b P53 1987
|
| 100 |
1 |
|
|a Stafford, Kim Robert.
|
| 245 |
1 |
0 |
|a Places & stories /
|c Kim R. Stafford.
|
| 250 |
|
|
|a 1st ed.
|
| 264 |
|
1 |
|a Pittsburgh :
|b Carnegie Mellon University Press :
|c 1987.
|
| 264 |
|
2 |
|a Pittsburgh :
|b Distributed by Harper and Row,
|
| 300 |
|
|
|a 87 pages ;
|c 23 cm.
|
| 336 |
|
|
|a text
|b txt
|2 rdacontent
|
| 337 |
|
|
|a unmediated
|b n
|2 rdamedia
|
| 338 |
|
|
|a volume
|b nc
|2 rdacarrier
|
| 740 |
0 |
|
|a Places and stories.
|
| 999 |
|
|
|a MARS
|
| 999 |
f |
f |
|s 5afd5ca0-edb9-3a66-9d32-b36e4340d9fc
|i e647aa22-076a-348d-9a04-f2ca49931fa2
|t 0
|
| 952 |
f |
f |
|p ric
|a Texas A&M University
|b Rellis Campus
|c Joint Library Facility
|d Remote Storage
|t 0
|e PS3569.T23 P53 1987
|h Library of Congress classification
|i unmediated -- volume
|m A14811112841
|
| 998 |
f |
f |
|a PS3569.T23 P53 1987
|t 0
|l Remote Storage
|